00514nam a2200193 a 450000100060000000300090000600800410001502000150005604000280007108200170009910000230011624500490013926000300018830000100021865000130022865000230024165000270026465000290029112459CO-ViMGA141112s2004 ck r 000 u spa d a8480130539 aCO-ViMGAbspacCO-ViMGA04a796.077 G17b1 aGarcia, Manso Juan10aBases teóricas del entrenamiento deportivo aMadrid : bGymnos, c1996 a518p.14aDEPORTES14aeducación FISICA14aENTRENAMIENTO ATLETICO14aENTRENAMIENTO DEPORTIVOS